Holiday Quiz

Random Holiday or Clickable Quiz
Score 0/25 Timer 04:00
2 Plays Today
% Correct
anniver
96.9%
choco
96.8%
affec
96.3%
cele
96.3%
Febru
96.2%
Saint
95.6%
holi
95.3%
ro
94.7%
jewel
94.6%
red
94.3%
Cu
94.3%
flo
93.2%
can
93%
% Correct
four
92.9%
Hall
92.8%
din
92.6%
court
92.5%
ki
92.1%
commerciali
92%
poe
91.5%
rib
91%
cou
90.7%
ci
89.3%
do
86.9%
sa
86.6%
Remove Ads.
Support Sporcle.
Get the best of Sporcle when you Go Orange. This ad-free experience offers more features, more stats, and more fun while also helping to support Sporcle. Thank you for becoming a member.

You're not logged in!

Compare scores with friends on all Sporcle quizzes.
OR
Log In

Show Comments

Extras

Top Quizzes Today


Score Distribution

Your Account Isn't Verified!

In order to create a playlist on Sporcle, you need to verify the email address you used during registration. Go to your Sporcle Settings to finish the process.

Report this User

Report this user for behavior that violates our Community Guidelines.

Details: